Apuntes para iniciar la implementación del sistema de costos en el sector público nacional no financiero (Registro nro. 12933)

Detalles MARC
000 -LEADER
fixed length control field 00411 a2200121 4500
001 - CONTROL NUMBER
control field ART_60082
005 - DATE AND TIME OF LATEST TRANSACTION
control field 20260410161636.0
008 - FIXED-LENGTH DATA ELEMENTS--GENERAL INFORMATION
fixed length control field 260409a
100 1# - MAIN ENTRY--PERSONAL NAME
Personal name Peralta, Jorge Alberto
245 10 - TITLE STATEMENT
Title Apuntes para iniciar la implementación del sistema de costos en el sector público nacional no financiero
700 1# - ADDED ENTRY--PERSONAL NAME
Personal name Sardi, Jorge Carlos
773 0# - HOST ITEM ENTRY
Title Enfoques
Related parts - N° 1 (ene. 2024)
Record control number REV416

No hay ítems disponibles.